Gayan. (Record no. 7934)

MARC details
000 -LEADER
fixed length control field 00557nam a2200241 a 4500
020 ## - INTERNATIONAL STANDARD BOOK NUMBER
ISBN
082 00 - DEWEY DECIMAL CLASSIFICATION NUMBER
Classification number 297.4
Author Cutter KHA10
100 ## - MAIN ENTRY--AUTHOR NAME
Author name Khan, Hazrat Inayat
245 ## - TITLE STATEMENT
Title Gayan.
260 ## - PUBLICATION, DISTRIBUTION, ETC. (IMPRINT)
Place of publication Holland
Name of publisher N. V Publishing Co
Year of publication 1936
300 ## - PHYSICAL DESCRIPTION
Number of Pages 107p
500 ## - GENERAL NOTE
General note includes index and biblioraphy
505 2# - FORMATTED CONTENTS NOTE
Formatted contents note Appendex
650 ## - SUBJECT ADDED ENTRY--TOPICAL TERM
Topical Term Sufism
942 ## - ADDED ENTRY ELEMENTS (KOHA)
Koha item type Books
700 1# -
-- Khan, Hazrat Inayat
Holdings
Collection code Home library Current library Date acquired Cost, normal purchase price Full call number Accession Number Koha item type
  Henry Martyn Institute Library Henry Martyn Institute Library 09/13/2007 100.00 297.4 KHA10 011346 Books
                   Copyright © 2026 | Henry Martyn Institute | Hyderabad | TS-500052 | INDIA | Implemented by hmi.edu.in
Hit-Count:

Powered by Koha